000 01721nam0a22003611 4500
001 v19\rc\1689000
005 20260408042033.0
035 _a(NLR Aleph) 004793267
090 _a4751693
_c4751693
100 _a20061002d1896 |||y0rusy50 ca
101 0 _arus
102 _aRU
105 _ay b |||||
200 1 _aКаталог выставленных предметов
_fВсерос. худож.-пром. выст. Н.-Новгород, 1896. Сысерт. горн. з-ды г.г. Соломирского и насл. Турчаниновых. Отд. VII (Горный)
210 _aПермь
_d1896
215 _a23 с.
601 0 2 _aВсероссийская промышленная и художественная выставка
_eНижний Новгород, город
_f1896
_jКаталоги
_92314082
_3RU\NLR\AUTH\6601610177
601 0 2 _aСысертские горные заводы
_cПермская губерния
_jКаталоги
_92545692
_3RU\NLR\AUTH\6601720112
686 1 _aЩ101.3(2Р)-2Нижний Новгород
686 3 _aУ9(28)л6
686 3 _aУ30(28)541.092л6
711 0 2 _aСысертские горные заводы
_cПермская губ.
_3RU\NLR\AUTH\8810189365
_9870263
711 1 2 _aВсероссийская промышленная и художественная выставка
_d16
_f1896
_eНижний Новгород
_3RU\NLR\AUTH\8810020303
_9538602
801 0 _aRU
_bNLR
_gpsbo
801 0 _aRU
_bRuMoRGB
_2psbo
801 1 _aRU
_bProSoft-M
_2rusmarc
852 _aNLR
_j18.250.4.163
852 _aNLR
_j18.250.4.181
942 _cBOOK
980 _aNB